Statistics for Towns of Navarre (Nafarroa)

Click here to take the quiz!

General Stats

  • This quiz has been taken 147 times
    (79 since last reset)
  • The average score is 116 of 272

Answer Stats

PopulationFirst
letter
TownCounty% Correct
205.762IIruña/PamplonaIruñerria
100%
7.831BBaztanBaztan
91%
10.919BBerriozarIruñerria
91%
20.865BBurlata/BurladaIruñerria
91%
22.121EEguesibar/Valle de EgüesIruñerria
91%
4.019EErriberri/OliteTafallaldea
91%
14.195EEstella-LizarraLizarraldea
91%
3.016LLeitzaLeitzaldea
91%
37.791TTutera/TudelaTuteraldea
91%
171UUxue/UjueTafallaldea
91%
4.370VVianaVianaldea
91%
4.814ZZangoza/SangüesaZangozaldea
91%
3.891ZZizur/CizurIruñerria
91%
7.590AAltsasuSakana
82%
10.067AAtarrabia/VillavaIruñerria
82%
19.575BBarañainIruñerria
82%
404IIzaba/IsabaErronkari-Zaraitzu
82%
1.297LLakuntzaSakana
82%
2.731LLesakaBortziriak
82%
8.429NNoain (Elortzibar)/
Noain (Valle de Elorz)
Iruñerria
82%
19OOrreaga/RoncesvallesAuñamendi
82%
6.429SSan AdrianEbro Garaiko Erribera
82%
10.698TTafallaTafallaldea
82%
7.562UUharte/HuarteIruñerria
82%
2.435ZZarrakaztelu/CarcastilloArga-Aragoiko Erribera
82%
231ZZugarramurdiBaztan
82%
2.970AAgoitz/AoizAgoitzaldea
73%
10.608AAntsoain/AnsoainIruñerria
73%
1.126AArbizuSakana
73%
3.792BBeraBortziriak
73%
4.129BBeriainIruñerria
73%
1.150CCarcarEbro Garaiko Erribera
73%
812EErroAuñamendi
73%
75EEtxarri/EcharriIruñerria
73%
2.944GGares/Puente la ReinaGaresaldea
73%
1.326IIrunberri/LumbierIrunberrialdea
73%
1.689LLekunberriLeitzaldea
73%
304LLuzaide/ValcarlosAuñamendi
73%
3.496MMendabia/MendaviaEbro Garaiko Erribera
73%
1.483OOlazti/OlazagutiaSakana
73%
490OOtsagabia/OchagaviaErronkari-Zaraitzu
73%
3.715RRibaforadaTuteraldea
73%
1.636UUltzamaUltzamaldea
73%
15.715ZZizur Nagusia/Zizur MayorIruñerria
73%
987AArakilSakana
64%
5.979AAzkoien/PeraltaArga-Aragoiko Erribera
64%
602BBarasoainTafallaldea
64%
4.050CCascanteTuteraldea
64%
4.435CCastejonTuteraldea
64%
8.265CCintruenigoTuteraldea
64%
8.629CCorellaTuteraldea
64%
209EErronkari/RoncalErronkari-Zaraitzu
64%
2.521EEtxarri AranatzSakana
64%
2.375FFaltzes/FalcesArga-Aragoiko Erribera
64%
4.894LLodosaEbro Garaiko Erribera
64%
2.875MMartzilla/MarcillaArga-Aragoiko Erribera
64%
920OObanosGaresaldea
64%
1.226SSesmaEbro Garaiko Erribera
64%
806UUharte ArakilSakana
64%
122XXabier/JavierZangozaldea
64%
2.610AAblitasTuteraldea
55%
2.531AAiegi/AyeguiLizarraldea
55%
2.882AAndosillaEbro Garaiko Erribera
55%
12.517AArangurenIruñerria
55%
2.313AArguedasTuteraldea
55%
119AArruazuSakana
55%
1.772AArtaxoa/ArtajonaTafallaldea
55%
343BBakaikuSakana
55%
7.541BBerriobeiti/BerrioplanoIruñerria
55%
373BBeteluLeitzaldea
55%
3.149CCortesTuteraldea
55%
1.858DDoneztebeMalerreka
55%
294EEsa/YesaZangozaldea
55%
2.146FFiteroTuteraldea
55%
2.543FFunesArga-Aragoiko Erribera
55%
708GGoizuetaLeitzaldea
55%
2.316IIrurtzunSakana
55%
418IIturmendiSakana
55%
952KKaseda/CasedaZangozaldea
55%
2.087LLarragaTafallaldea
55%
323LLedea/LiedenaZangozaldea
55%
715MMelidaArga-Aragoiko Erribera
55%
4.237MMurchanteTuteraldea
55%
769OOibar/AibarZangozaldea
55%
28PPetilla Aragoi/Petilla de
Aragon
Zangozaldea
55%
346PPuiu/PueyoTafallaldea
55%
863SSantakara/SantacaraArga-Aragoiko Erribera
55%
1.328SSartagudaEbro Garaiko Erribera
55%
362UUrdazubi/UrdaxBaztan
55%
2.424VValtierraTuteraldea
55%
352ZZiordiaSakana
55%
3.004AAlesbes/VillafrancaArga-Aragoiko Erribera
45%
988AAlloLizarraldea
45%
724AAmeskoabarrena/
Amescoa Baja
Lizarraldea
45%
343AAntzin/AncinLizarraldea
45%
609AArantzaBortziriak
45%
1.035AArroitz/ArronizLizarraldea
45%
233AAuritz/BurgueteAuñamendi
45%
195BBurgi/BurguiErronkari-Zaraitzu
45%
1.379CCabanillasTuteraldea
45%
574DDeikaztelu/DicastilloLizarraldea
45%
455DDonamariaMalerreka
45%
503EElo/MonrealAgoitzaldea
45%
2.832EEsteribarAuñamendi
45%
833EEtxalarBortziriak
45%
653EEtxauriIruñerria
45%
142EEzkurraMalerreka
45%
1.005FFontellasTuteraldea
45%
2.457FFustiñanaTuteraldea
45%
139GGardeErronkari-Zaraitzu
45%
186GGarraldaAuñamendi
45%
172GGoñerri/GoñiIruñerria
45%
572IIgantziBortziriak
45%
1.330IItza/IzaIruñerria
45%
150LLantzUltzamaldea
45%
120LLapoblacionVianaldea
45%
1.798LLerinEbro Garaiko Erribera
45%
1.151LLos ArcosLizarraldea
45%
1.191MMendigorriaTafallaldea
45%
3.549MMilagroArga-Aragoiko Erribera
45%
674MMurillo el FrutoArga-Aragoiko Erribera
45%
191OOrbaizetaAuñamendi
45%
4.051OOrkoienIruñerria
45%
530PPitillasTafallaldea
45%
377SSan Martin Unx/
San Martin de Unx
Tafallaldea
45%
148TTulebrasTuteraldea
45%
638UUrdiainSakana
45%
177UUrrotzMalerreka
45%
79UUrzainki/UrzainquiErronkari-Zaraitzu
45%
1.266VVillatuertaLizarraldea
45%
292ZZubietaMalerreka
45%
82AAbaigarLizarraldea
36%
514AAbartzuza/AbarzuaLizarraldea
36%
368AAberinLizarraldea
36%
110AAranoLeitzaldea
36%
267AAresoLeitzaldea
36%
214AAtetz/AtezUltzamaldea
36%
3.749AAzagraEbro Garaiko Erribera
36%
259BBarillasTuteraldea
36%
301BBeireTafallaldea
36%
672BBerbintzana/
Berbinzana
Tafallaldea
36%
635BBertizaranaMalerreka
36%
165BBidaurretaIruñerria
36%
2.309BBuñuelTuteraldea
36%
2.786CCaparrosoArga-Aragoiko Erribera
36%
205EElgorriagaMalerreka
36%
155EEratsunMalerreka
36%
380EErgoienaSakana
36%
188EErromantzatua/
Romanzado
Irunberrialdea
36%
276EEulateLizarraldea
36%
1.837EEzkabarte/EzcabarteUltzamaldea
36%
2.353GGalarIruñerria
36%
15GGazteluberri/
Castillonuevo
Erronkari-Zaraitzu
36%
532IIturenMalerreka
36%
176JJaurrietaErronkari-Zaraitzu
36%
917MMiranda Arga/
Miranda de Arga
Arga-Aragoiko Erribera
36%
1.102MMonteagudoTuteraldea
36%
79MMuesLizarraldea
36%
346MMurietaLizarraldea
36%
685MMurillo el CuendeArga-Aragoiko Erribera
36%
121NNabaskoze/NavascuesErronkari-Zaraitzu
36%
373OOdietaUltzamaldea
36%
29OOrbaraAuñamendi
36%
47OOrontze/OronzErronkari-Zaraitzu
36%
672SSunbillaMalerreka
36%
117TTorres del RioVianaldea
36%
564TTxulapain/JuslapeñaIruñerria
36%
190UUkar/UcarGaresaldea
36%
139UUztarroze/UztarrozErronkari-Zaraitzu
36%
289ZZabaltza/ZabalzaIruñerria
36%
29AAbaurrepeaAuñamendi
27%
172AAdiosGaresaldea
27%
525AAraitzLeitzaldea
27%
49AAriaAuñamendi
27%
34AAribeAuñamendi
27%
257BBargotaVianaldea
27%
845BBasaburuaUltzamaldea
27%
218BBeintza-LabaienMalerreka
27%
138BBeraskoain/
Belascoain
Iruñerria
27%
75BBidankoze/VidangozErronkari-Zaraitzu
27%
2.186CCadreitaArga-Aragoiko Erribera
27%
103EEslaba/EslavaZangozaldea
27%
74EEspartza Zaraitzu/
Esparza de Salazar
Erronkari-Zaraitzu
27%
108EEsprontzeda/EsproncedaVianaldea
27%
299EEzkaroze/EzcarozErronkari-Zaraitzu
27%
96GGalipentzu/GallipienzoZangozaldea
27%
84GGaraioaAuñamendi
27%
523GGarinoainTafallaldea
27%
67GGenevillaVianaldea
27%
37GGorza/GüesaErronkari-Zaraitzu
27%
101HHiriberri Aezkoa/
Villanueva de Aezkoa
Auñamendi
27%
282IIbargoitiAgoitzaldea
27%
421IImotzUltzamaldea
27%
165IIrañetaSakana
27%
38IItzaltzu/IzalzuErronkari-Zaraitzu
27%
156LLanaLizarraldea
27%
100LLarragoa/LarraonaLizarraldea
27%
910LLarraunLeitzaldea
27%
135LLegardaGaresaldea
27%
108LLegariaLizarraldea
27%
244LLezaunLizarraldea
27%
309LLongida/LonguidaAgoitzaldea
27%
445MMañeruLizarraldea
27%
289MMendazaLizarraldea
27%
58MMirafuentesLizarraldea
27%
46NNazarLizarraldea
27%
133OOizMalerreka
27%
68OOko/OcoLizarraldea
27%
409OOlaibarUltzamaldea
27%
435OOllaran/Valle de OlloIruñerria
27%
145OOrotz-Betelu/Oroz-BeteluAuñamendi
27%
124SSaldiasMalerreka
27%
87SSantsol/SansolVianaldea
27%
62SSartze/SarriesErronkari-Zaraitzu
27%
660TTebas-Muru Artederreta/
Tiebas-Muruarte de Reta
Iruñerria
27%
225UUntzitibar/UncitiAgoitzaldea
27%
418UUrrotz-Hiria/Urroz-VillaAgoitzaldea
27%
89ZZuñigaLizarraldea
27%
115AAbaurreagainaAuñamendi
18%
491AAnueUltzamaldea
18%
70AAranaratxeLizarraldea
18%
159AArellanoLizarraldea
18%
54AArmañantzas/
Armañanzas
Vianaldea
18%
116AArtazuGaresaldea
18%
296AArtzi/ArceAuñamendi
18%
46BBarbarinLizarraldea
18%
1.581DDeierri/Valle de YerriLizarraldea
18%
72DDesoio/DesojoVianaldea
18%
301EEneritz/EnerizGaresaldea
18%
68EEtaiu/EtayoLizarraldea
18%
431GGesalatz/GuesalazLizarraldea
18%
301IIguzkitza/IguzquizaLizarraldea
18%
211LLeotz/LeozTafallaldea
18%
49LLergaTafallaldea
18%
52MMarañonVianaldea
18%
271MMetautenLizarraldea
18%
116MMorentinLizarraldea
18%
49OOlexoa/OlejuaLizarraldea
18%
1.836OOltza Zendea/
Cendea de Olza
Iruñerria
18%
923OOteitza/OteizaLizarraldea
18%
41PPiedramilleraLizarraldea
18%
48SSorladaLizarraldea
18%
54TTirapuGaresaldea
18%
98TTorralba del RioVianaldea
18%
158UUntzue/UnzueTafallaldea
18%
326UUrraulbeiti/Urraul BajoIrunberrialdea
18%
135UUrraulgoiti/Urraul AltoIrunberrialdea
18%
169UUtergaGaresaldea
18%
117VVillamayor de MonjardinLizarraldea
18%
467ZZirauki/CirauquiLizarraldea
18%
158ZZiritza/CirizaIruñerria
18%
908AAllinLizarraldea
9%
628AAñorbeGaresaldea
9%
148AArasVianaldea
9%
37AAzueloVianaldea
9%
246BBiurrun-Olkotz/
Biurrun-Olcoz
Garesaldea
9%
75CCabredoVianaldea
9%
76A
Agilar Kodes/
Aguilar de Codes
Vianaldea
9%
52EEl BustoVianaldea
9%
182LElizagorria/LazagurriaVianaldea
9%
53EEzporogi/EzproguiZangozaldea
9%
93GGaloze/GalluesErronkari-Zaraitzu
9%
71GGirgillao/GuirguillanoGaresaldea
9%
159IItzagondoa/IzagondoaAgoitzaldea
9%
109JJaitz/Salinas de OroLizarraldea
9%
37LLeatxe/LeacheZangozaldea
9%
303LLizoainibar-Arriasgoiti/
Lizoain-Arriasgoiti
Agoitzaldea
9%
129LLukin/LuquinLizarraldea
9%
269MMuruzabalGaresaldea
9%
221OOloritzTafallaldea
9%
74OOrisoainTafalladea
9%
130ZZare/SadaZangozaldea
9%

Score Distribution

Percentile by Number Answered

Percent of People with Each Score

Your Score History

You have not taken this quiz since the last reset